000 00677nam a22002177a 4500
005 20251108164120.0
008 250721s2000 xx 000 0 ara d
082 1 4 _a331.11/بدر
100 1 _aبدران، أمية فارس
245 1 0 _aدراسات في قوانين المهنة و آدابها /
264 1 _aعمان :
_bدار صفاء،
_c2000.
300 _a203ص
650 1 7 _aالمهن
650 1 7 _aالعمل و العمال
650 1 7 _aالتصنيف القياسي الدولي للمهن
650 1 7 _aالقانون
650 1 7 _aالمؤهلات المهنية
700 1 _aحوسة، هيفاء راسم
942 _2ddc
_cBK
999 _c4014
_d4014